[Event "2. Bundesliga Mitte 2010/11"]
[Site "Sauwald"]
[Date "2010.11.27"]
[Round "4"]
[Board "5"]
[White "Aschenbrenner, Robert"]
[Black "Perhinig, Robert"]
[Result "1/2-1/2"]
[WhiteElo "2229"]
[BlackElo "2262"]
[PlyCount "86"]
[EventDate "2010.10.16"]
[EventType "team"]
[EventRounds "11"]
[EventCountry "AUT"]
[WhiteTeam "ESV Austria Graz"]
[BlackTeam "SV Raika Rapid Feffernitz"]

1.d4 d5 2.Nf3 c6 3.c4 Nf6 4.Nc3 e6 5.Qd3 a6 6.e4 dxe4 7.Nxe4 Nbd7 8.g3 Be7 9.Bg2
O-O 10.O-O c5 11.Rd1 cxd4 12.Nxd4 Nxe4 13.Qxe4 Bc5 14.Nb3 Be7 15.Bf4 Qb6 16.Be3
Qc7 17.c5 Nf6 18.Bf4 Nxe4 19.Bxc7 Nxc5 20.Nxc5 Bxc5 21.Rac1 Be7 22.Bd6 Bxd6
23.Rxd6 e5 24.Rc7 Be6 25.Bd5 Rac8 26.Rxc8 Bxc8 27.f3 Re8 28.b3 Kf8 29.Kf2 f6
30.Ke3 Ke7 31.Rb6 Kd7 32.a4 Kc7 33.a5 Rd8 34.Be4 h6 35.Rb4 Rd1 36.Rc4+ Kb8 37.f4
exf4+ 38.Kxf4 Rd2 39.h4 g5+ 40.hxg5 fxg5+ 41.Ke3 Rd6 42.b4 h5 43.Rc5 h4 1/2-1/2

[Event "2. Bundesliga Mitte 2010/11"]
[Site "Sauwald"]
[Date "2010.11.27"]
[Round "4"]
[Board "6"]
[White "Tschohl, Christof"]
[Black "Pfaffel, Thomas"]
[Result "0-1"]
[WhiteElo "2151"]
[BlackElo "2193"]
[PlyCount "84"]
[EventDate "2010.10.16"]
[EventType "team"]
[EventRounds "11"]
[EventCountry "AUT"]
[WhiteTeam "SV Raika Rapid Feffernitz"]
[BlackTeam "ESV Austria Graz"]

1.e4 d5 2.exd5 Qxd5 3.Nc3 Qd6 4.d4 c6 5.Bg5 Nf6 6.Qd2 Bf5 7.O-O-O e6 8.Bxf6 gxf6
9.d5 exd5 10.Re1+ Kd8 11.g3 Nd7 12.Nf3 Nc5 13.Nd4 Bd7 14.Bg2 Bg7 15.f4 f5 16.Nf3
Ne4 17.Nxe4 fxe4 18.Rxe4 Kc7 19.Re3 Rhe8 20.Rhe1 Rxe3 21.Rxe3 Qc5 22.c3 Re8
23.Rxe8 Bxe8 24.Nd4 Bd7 25.Qe3 b6 26.b4 Qc4 27.Kb1 c5 28.bxc5 bxc5 29.Nb3 Kd6
30.Kb2 d4 31.Qd2 Ke7 32.Qe2+ Kf8 33.Bf1 dxc3+ 34.Kc1 Qb4 35.Qf2 Qa3+ 36.Kd1 Bg4+
37.Ke1 Bd4 38.Qc2 Qb2 39.Bd3 c4 40.Nxd4 cxd3 41.Qxd3 Qc1+ 42.Kf2 Qd2+ 0-1

[Event "2. Bundesliga Mitte 2010/11"]
[Site "Sauwald"]
[Date "2010.11.27"]
[Round "4"]
[Board "1"]
[White "Nemeth, Miklos"]
[Black "Horvath, Csaba"]
[Result "1/2-1/2"]
[WhiteElo "2454"]
[BlackElo "2529"]
[PlyCount "61"]
[EventDate "2010.10.16"]
[EventType "team"]
[EventRounds "11"]
[EventCountry "AUT"]
[WhiteTeam "SV Steyregg"]
[BlackTeam "SC Die Klagenfurter"]

1.e4 c5 2.Nf3 e6 3.d4 cxd4 4.Nxd4 a6 5.Bd3 Nf6 6.O-O d6 7.Qe2 g6 8.c4 Bg7 9.Nc3
O-O 10.Nf3 Nc6 11.Rd1 Nd7 12.Be3 Nde5 13.Rac1 Bd7 14.Bb1 Qe7 15.Rd2 Nxf3+
16.Qxf3 Ne5 17.Qe2 Rac8 18.Bd3 f5 19.exf5 gxf5 20.f4 Ng4 21.h3 Nxe3 22.Qxe3 Rf7
23.Re1 Bxc3 24.bxc3 Rc5 25.Bf1 e5 26.Red1 exf4 27.Qxf4 Qe5 28.Qg5+ Rg7 29.Qd8+
Qe8 30.Qxe8+ Bxe8 31.Rxd6 1/2-1/2

[Event "2. Bundesliga Mitte 2010/11"]
[Site "Sauwald"]
[Date "2010.11.27"]
[Round "4"]
[Board "2"]
[White "Pilaj, Herwig"]
[Black "Gergacz, Attila"]
[Result "0-1"]
[WhiteElo "2349"]
[BlackElo "2425"]
[PlyCount "120"]
[EventDate "2010.10.16"]
[EventType "team"]
[EventRounds "11"]
[EventCountry "AUT"]
[WhiteTeam "SC Die Klagenfurter"]
[BlackTeam "SV Steyregg"]

1.c4 e5 2.g3 Nc6 3.Bg2 Nf6 4.Nc3 Bc5 5.Nf3 O-O 6.O-O Re8 7.e3 d6 8.d3 a5 9.b3
Bg4 10.h3 Bd7 11.d4 Ba7 12.Bb2 h6 13.dxe5 dxe5 14.Nd5 Bf5 15.Qe2 Nd7 16.Rad1 Bc5
17.Kh2 Na7 18.Nh4 Be6 19.e4 Nc6 20.Nf5 Bxf5 21.exf5 Nd4 22.Qd3 c6 23.Nc3 Qe7
24.Ne4 a4 25.b4 Bxb4 26.Bxd4 exd4 27.Qxd4 Nc5 28.f6 Qe5 29.Nxc5 Qxd4 30.Rxd4
Bxc5 31.Rd7 Re2 32.Rxb7 Bxf2 33.Bxc6 gxf6 34.Bd5 Ra7 35.Rfb1 Rxa2 36.c5 Rd2
37.Bxf7+ Kf8 38.c6 Rc2 39.Bd5 Ke8 40.Kh1 a3 41.Be4 Rc3 42.Kg2 Bd4 43.Bg6+ Kf8
44.Rd7 Rxd7 45.cxd7 Ke7 46.Bf5 Be5 47.Rb6 Rxg3+ 48.Kh1 Rg1+ 49.Kxg1 Bd4+ 50.Kg2
Bxb6 51.Bb1 Kxd7 52.Kf3 Ke6 53.Kg4 Ke5 54.Kh5 Be3 55.Kg4 Kd4 56.h4 Kc3 57.Ba2
Kb2 58.Bd5 a2 59.Bxa2 Kxa2 60.Kf5 Bg5 0-1

[Event "2. Bundesliga Mitte 2010/11"]
[Site "Sauwald"]
[Date "2010.11.27"]
[Round "4"]
[Board "3"]
[White "Webersberger, Johann"]
[Black "Genser, Harald"]
[Result "1/2-1/2"]
[WhiteElo "2368"]
[BlackElo "2281"]
[PlyCount "42"]
[EventDate "2010.10.16"]
[EventType "team"]
[EventRounds "11"]
[EventCountry "AUT"]
[WhiteTeam "SV Steyregg"]
[BlackTeam "SC Die Klagenfurter"]

1.Nf3 d5 2.g3 Nf6 3.Bg2 c6 4.d3 h6 5.O-O Bf5 6.Nbd2 e6 7.b3 Be7 8.Bb2 O-O 9.Qe1
Bh7 10.e4 a5 11.a3 Na6 12.Qe2 Nc5 13.Ne5 Ncd7 14.Nxd7 Nxd7 15.Rfd1 Bf6 16.e5 Be7
17.a4 Qc7 18.Nf1 Rac8 19.Nd2 Ra8 20.Nf1 Rac8 21.Nd2 Ra8 1/2-1/2

[Event "2. Bundesliga Mitte 2010/11"]
[Site "Sauwald"]
[Date "2010.11.27"]
[Round "4"]
[Board "4"]
[White "Petschar, Kurt"]
[Black "Enoeckl, Philipp"]
[Result "1/2-1/2"]
[WhiteElo "2304"]
[BlackElo "2285"]
[PlyCount "60"]
[EventDate "2010.10.16"]
[EventType "team"]
[EventRounds "11"]
[EventCountry "AUT"]
[WhiteTeam "SC Die Klagenfurter"]
[BlackTeam "SV Steyregg"]

1.e4 e6 2.d4 d5 3.Nc3 Bb4 4.exd5 exd5 5.Bd3 Nc6 6.Nge2 Nge7 7.O-O Bf5 8.a3 Bxc3
9.bxc3 O-O 10.c4 Bxd3 11.Qxd3 dxc4 12.Qxc4 Qd5 13.Qd3 Qf5 14.Qxf5 Nxf5 15.c3
Rfe8 16.Re1 Na5 17.Rb1 Nd6 18.Bf4 Nac4 19.a4 b6 20.d5 Kf8 21.Nd4 Rxe1+ 22.Rxe1
Re8 23.Ra1 a5 24.Kf1 Re4 25.g3 Re8 26.h4 Ke7 27.Ke2 Kd7+ 28.Kd3 Nb2+ 29.Kc2 Nbc4
30.Kd3 Nb2+ 1/2-1/2

[Event "2. Bundesliga Mitte 2010/11"]
[Site "Sauwald"]
[Date "2010.11.27"]
[Round "4"]
[Board "5"]
[White "Kubinger, Thomas"]
[Black "Titz, Heimo"]
[Result "0-1"]
[WhiteElo "2227"]
[BlackElo "2225"]
[PlyCount "56"]
[EventDate "2010.10.16"]
[EventType "team"]
[EventRounds "11"]
[EventCountry "AUT"]
[WhiteTeam "SV Steyregg"]
[BlackTeam "SC Die Klagenfurter"]

1.d4 Nf6 2.Bg5 c5 3.Nc3 cxd4 4.Qxd4 Nc6 5.Qh4 e6 6.e4 Be7 7.O-O-O d6 8.f4 Qa5
9.Nf3 O-O 10.Bd3 h6 11.e5 dxe5 12.Bxh6 exf4 13.Bg5 Rd8 14.Kb1 e5 15.Ne4 Be6
16.a3 Rxd3 17.cxd3 Qd5 18.Nc3 Qb3 19.Nd2 Qb6 20.Bxf6 Bxf6 21.Qe1 Rd8 22.Nc4 Qa6
23.Ne4 Be7 24.Qc3 f5 25.Nxe5 fxe4 26.Nxc6 Qxc6 27.Qxc6 bxc6 28.dxe4 Rb8 0-1

[Event "2. Bundesliga Mitte 2010/11"]
[Site "Sauwald"]
[Date "2010.11.27"]
[Round "4"]
[Board "6"]
[White "Wertjanz, David"]
[Black "Wiesinger, Robert"]
[Result "1/2-1/2"]
[WhiteElo "2209"]
[BlackElo "2232"]
[PlyCount "110"]
[EventDate "2010.10.16"]
[EventType "team"]
[EventRounds "11"]
[EventCountry "AUT"]
[WhiteTeam "SC Die Klagenfurter"]
[BlackTeam "SV Steyregg"]

1.e4 e5 2.Nf3 Nc6 3.Bb5 a6 4.Ba4 Nf6 5.O-O Be7 6.Re1 b5 7.Bb3 d6 8.c3 O-O 9.d4
Bg4 10.Be3 exd4 11.cxd4 d5 12.e5 Ne4 13.Nc3 Nxc3 14.bxc3 Qd7 15.h3 Bh5 16.Bf4
Nd8 17.g4 Bg6 18.Bg3 Ne6 19.Nh2 Bg5 20.h4 Bf4 21.Bxf4 Nxf4 22.Qd2 Ne6 23.h5 h6
24.hxg6 fxg6 25.Qe3 Rf4 26.Bd1 Raf8 27.Bf3 c6 28.Bg2 Qe7 29.f3 h5 30.a4 hxg4
31.fxg4 Qh4 32.axb5 axb5 33.Rf1 g5 34.Rxf4 gxf4 35.Qf2 Qh7 36.Nf3 Qg6 37.Qh4 b4
38.cxb4 Qd3 39.Qf2 Rb8 40.Rc1 Rxb4 41.Rxc6 Nxd4 42.Nxd4 Rxd4 43.Rc8+ Kf7 44.e6+
Kxe6 45.Qe1+ Qe3+ 46.Qxe3+ fxe3 47.Bf3 Ke5 48.Kg2 Rd2+ 49.Kg3 d4 50.Re8+ Kd6
51.Kf4 Rf2 52.Ke4 e2 53.Kxd4 Rxf3 54.Rxe2 Rf4+ 55.Re4 Rf3 1/2-1/2

[Event "2. Bundesliga Mitte 2010/11"]
[Site "Sauwald"]
[Date "2010.11.27"]
[Round "4"]
[Board "1"]
[White "Weiss, Christian"]
[Black "Tratar, Marko"]
[Result "1/2-1/2"]
[WhiteElo "2417"]
[BlackElo "2475"]
[PlyCount "73"]
[EventDate "2010.10.16"]
[EventType "team"]
[EventRounds "11"]
[EventCountry "AUT"]
[WhiteTeam "Union Ansfelden"]
[BlackTeam "SK MPOE Maria Saal"]

1.Nf3 Nf6 2.c4 e6 3.b3 b6 4.e3 Bb7 5.Bb2 c5 6.Be2 Be7 7.O-O O-O 8.d4 cxd4 9.Nxd4
Nc6 10.Nc3 Qb8 11.Nxc6 Bxc6 12.Bf3 Rd8 13.e4 Bd6 14.g3 a6 15.Qe2 Qb7 16.Rad1 Bc5
17.Nd5 Ne8 18.Bg2 d6 19.Nf4 e5 20.Nd5 b5 21.Bc3 b4 22.Bb2 Bxd5 23.exd5 Nf6
24.Bh3 Re8 25.Kh1 g6 26.Qd3 Nh5 27.Bg4 Ng7 28.f4 f5 29.Be2 exf4 30.Rxf4 Re3
31.Qc2 Rae8 32.Bd3 Ne6 33.Rff1 Ng7 34.Bc1 R3e7 35.Bg5 Re5 36.Bf4 R5e7 37.Bg5 1/2-1/2

[Event "2. Bundesliga Mitte 2010/11"]
[Site "Sauwald"]
[Date "2010.11.27"]
[Round "4"]
[Board "2"]
[White "Kreisl, Robert"]
[Black "Ennsberger, Ulrich"]
[Result "1/2-1/2"]
[WhiteElo "2376"]
[BlackElo "2365"]
[PlyCount "160"]
[EventDate "2010.10.16"]
[EventType "team"]
[EventRounds "11"]
[EventCountry "AUT"]
[WhiteTeam "SK MPOE Maria Saal"]
[BlackTeam "Union Ansfelden"]

1.Nf3 c5 2.c4 Nf6 3.Nc3 g6 4.d4 cxd4 5.Nxd4 Bg7 6.e4 d6 7.Be2 Nc6 8.Be3 O-O
9.O-O Bd7 10.Nc2 Qa5 11.Rc1 Rfc8 12.f3 Be6 13.Qd2 Nd7 14.b4 Qd8 15.Nd5 a5 16.a3
axb4 17.axb4 Ra2 18.Nc3 Nxb4 19.Nxa2 Nxa2 20.Ra1 Nc3 21.Bd3 Ne5 22.Na3 Nxc4
23.Nxc4 Bxc4 24.Bxc4 Rxc4 25.Qd3 Rc8 26.Kh1 d5 27.exd5 Qxd5 28.Qxd5 Nxd5 29.Ra3
b5 30.Rd3 e6 31.Rc1 Ra8 32.Rb1 b4 33.Bd4 Bxd4 34.Rxd4 Kf8 35.h4 Rb8 36.Rd3 Ke7
37.Kh2 Kd6 38.Kg3 h5 39.Kf2 Rc8 40.Rxb4 Rc2+ 41.Kf1 Ke5 42.Re4+ Kf5 43.g3 Ra2
44.Rb3 Ra7 45.Kf2 Ra2+ 46.Kf1 Ra1+ 47.Kf2 Ra2+ 48.Re2 Ra4 49.Rb7 f6 50.Rd7 Ra6
51.Rd8 Rc6 52.Ra8 Rb6 53.Kg2 e5 54.Ra5 Ne7 55.Rea2 Rd6 56.Ra6 Rd4 57.R2a4 Nc6
58.Rxd4 Nxd4 59.Kf2 g5 60.hxg5 Kxg5 61.Ra8 Kg6 62.Rh8 Nf5 63.Kg2 Nd4 64.Ra8 Nf5
65.Rg8+ Kf7 66.Rh8 Kg6 67.Rd8 Kf7 68.Rd7+ Kg6 69.Kf2 Kg5 70.Rd8 Kg6 71.Rg8+ Kh7
72.Rb8 Kg6 73.Rb4 Kg5 74.Ra4 Ne7 75.f4+ exf4 76.Rxf4 Ng6 77.Ra4 h4 78.Ra5+ f5
79.gxh4+ Nxh4 80.Kg3 Ng6 1/2-1/2

[Event "2. Bundesliga Mitte 2010/11"]
[Site "Sauwald"]
[Date "2010.11.27"]
[Round "4"]
[Board "3"]
[White "Knoll, Hermann"]
[Black "Schachinger, Mario"]
[Result "1-0"]
[WhiteElo "2382"]
[BlackElo "2356"]
[PlyCount "101"]
[EventDate "2010.10.16"]
[EventType "team"]
[EventRounds "11"]
[EventCountry "AUT"]
[WhiteTeam "Union Ansfelden"]
[BlackTeam "SK MPOE Maria Saal"]

1.e4 e5 2.Nf3 Nc6 3.Bb5 a6 4.Ba4 Nf6 5.O-O Be7 6.Re1 b5 7.Bb3 d6 8.c3 O-O 9.h3
Nb8 10.d4 Nbd7 11.Nbd2 Bb7 12.Bc2 Re8 13.a4 Bf8 14.Bd3 c6 15.b4 Nb6 16.axb5 axb5
17.Rxa8 Bxa8 18.Qc2 Qc7 19.Nf1 g6 20.Ng3 Nfd7 21.Bd2 Bg7 22.Ra1 Bb7 23.Ra5 d5
24.Qa2 Nc4 25.Bxc4 dxc4 26.Be3 exd4 27.cxd4 Nb6 28.Qd2 Ra8 29.Rxa8+ Bxa8 30.h4
Na4 31.e5 c3 32.Qd3 Bf8 33.Ne4 Bxb4 34.Nf6+ Kh8 35.Ng5 Nb6 36.h5 Nd5 37.Nxd5
cxd5 38.Qxb5 Qe7 39.hxg6 hxg6 40.e6 f6 41.Qb8+ Kg7 42.Qxa8 fxg5 43.Qxd5 g4
44.Qe5+ Kg8 45.d5 c2 46.Qe4 Qc7 47.Qxg6+ Kf8 48.Bh6+ Ke7 49.Qg7+ Kd8 50.Qg8+ Ke7
51.Qf8# 1-0

[Event "2. Bundesliga Mitte 2010/11"]
[Site "Sauwald"]
[Date "2010.11.27"]
[Round "4"]
[Board "4"]
[White "Halvax, Georg"]
[Black "Felsberger, Alfred"]
[Result "1-0"]
[WhiteElo "2269"]
[BlackElo "2370"]
[PlyCount "151"]
[EventDate "2010.10.16"]
[EventType "team"]
[EventRounds "11"]
[EventCountry "AUT"]
[WhiteTeam "SK MPOE Maria Saal"]
[BlackTeam "Union Ansfelden"]

1.e4 c5 2.Nf3 d6 3.d4 cxd4 4.Nxd4 Nf6 5.Nc3 Nc6 6.Bg5 e6 7.Qd2 a6 8.O-O-O h6
9.Bf4 Bd7 10.Nb3 Ne5 11.f3 Qc7 12.Kb1 b5 13.h4 Be7 14.Bd3 b4 15.Ne2 a5 16.Be3 a4
17.Nbd4 Rb8 18.g4 Bc6 19.g5 hxg5 20.hxg5 Rxh1 21.Rxh1 Nfd7 22.f4 Nxd3 23.cxd3
Nc5 24.Nxc6 Qxc6 25.Rh8+ Bf8 26.Bd4 g6 27.Bg7 Ke7 28.Bf6+ Kd7 29.Bg7 Ke7 30.f5
exf5 31.exf5 gxf5 32.Nd4 Qa8 33.Nxf5+ Kd7 34.Bxf8 Rxf8 35.Rxf8 Qxf8 36.Qxb4 Qa8
37.Qd4 Qh1+ 38.Kc2 Qc6 39.Kd2 Qg2+ 40.Kc3 Qc6 41.Kd2 Qg2+ 42.Kc3 Qc6 43.Kb4 Qb6+
44.Ka3 Qa6 45.Qc4 Qxc4 46.dxc4 Ke6 47.Nh6 Ke7 48.Kb4 Ke6 49.Ka3 Ke7 50.Nf5+ Ke6
51.Nd4+ Ke5 52.Nb5 Ne4 53.Kxa4 Nxg5 54.Kb4 f5 55.a4 f4 56.a5 f3 57.a6 f2 58.a7
f1=Q 59.a8=Q Qe1+ 60.Nc3 Qd2 61.Kb3 Qd3 62.Qh8+ Ke6 63.Kb4 Qd2 64.b3 Nf7 65.Qh3+
Ke5 66.Kb5 Qd4 67.b4 Kf6 68.Nd5+ Kg7 69.Qd7 Kf8 70.Qe7+ Kg7 71.Qc7 Kf8 72.Ka6
Qa1+ 73.Kb7 Qe5 74.b5 Qe8 75.Ka7 Nd8 76.Qxd6+ 1-0

[Event "2. Bundesliga Mitte 2010/11"]
[Site "Sauwald"]
[Date "2010.11.27"]
[Round "4"]
[Board "5"]
[White "Moser, Guenter"]
[Black "Hartl, Daniel"]
[Result "0-1"]
[WhiteElo "2355"]
[BlackElo "2233"]
[PlyCount "110"]
[EventDate "2010.10.16"]
[EventType "team"]
[EventRounds "11"]
[EventCountry "AUT"]
[WhiteTeam "Union Ansfelden"]
[BlackTeam "SK MPOE Maria Saal"]

1.d4 d5 2.Nf3 Nf6 3.g3 Bf5 4.Bg2 e6 5.Nh4 Bg4 6.h3 Bh5 7.O-O Bd6 8.c4 c6 9.cxd5
cxd5 10.Nc3 Nc6 11.Qd3 a6 12.a3 Rc8 13.b4 b5 14.e4 dxe4 15.Nxe4 Be5 16.Be3 Nxd4
17.Bxd4 Bxd4 18.Ra2 Rc3 19.Nxf6+ Qxf6 20.Qe4 O-O 21.g4 Bg6 22.Nxg6 hxg6 23.Qb7
e5 24.a4 Qe6 25.Bd5 Qd6 26.axb5 e4 27.Kg2 Rc7 28.Rxa6 Qf4 29.Bxe4 Rxb7 30.Bxb7
Be5 31.Rh1 Rd8 32.Ra2 Qxb4 33.Bc6 Qc4 34.Ra3 Bc7 35.Rf3 Qd4 36.Re1 Qd6 37.Re8+
Rxe8 38.Bxe8 f5 39.Bc6 Qh2+ 40.Kf1 Qh1+ 41.Ke2 Qb1 42.Re3 Bb6 43.Rf3 Kf7 44.Bd5+
Kf6 45.Bc6 Ke5 46.Rd3 Qc2+ 47.Rd2 Qc4+ 48.Kd1 Qf1+ 49.Kc2 Qxh3 50.Rd5+ Kf4 51.f3
fxg4 52.fxg4 Qxg4 53.Kd2 Qe6 54.Rd3 Qa2+ 55.Kc3 g5 0-1

[Event "2. Bundesliga Mitte 2010/11"]
[Site "Sauwald"]
[Date "2010.11.27"]
[Round "4"]
[Board "6"]
[White "Ertl, Johann"]
[Black "Hellmayr, Alois"]
[Result "0-1"]
[WhiteElo "2280"]
[BlackElo "2235"]
[PlyCount "86"]
[EventDate "2010.10.16"]
[EventType "team"]
[EventRounds "11"]
[EventCountry "AUT"]
[WhiteTeam "SK MPOE Maria Saal"]
[BlackTeam "Union Ansfelden"]

1.e4 c5 2.Nf3 e6 3.d4 cxd4 4.Nxd4 a6 5.Bd3 Qb6 6.Nb3 Qc7 7.O-O Nf6 8.f4 d6 9.Qf3
Be7 10.Nc3 Nc6 11.Qg3 O-O 12.Re1 Nh5 13.Qf3 Nf6 14.Qg3 Nh5 15.Qf3 g6 16.a3 Nf6
17.Kh1 b6 18.e5 Ne8 19.exd6 Nxd6 20.f5 Nxf5 21.Bxf5 gxf5 22.Bf4 Qd7 23.Rad1 Qe8
24.Bh6 Kh8 25.Bxf8 Bxf8 26.Nd5 Rb8 27.Nc7 Qe7 28.Qxc6 Bb7 29.Qc3+ Bg7 30.Qg3 Rg8
31.Nd5 Qf8 32.Ne3 Bxb2 33.Qf4 Qg7 34.Re2 Be5 35.Nxf5 Qxg2+ 36.Rxg2 Bxg2+ 37.Kg1
Bxf4 38.Ng3 Bd5 39.Kf2 Rc8 40.Nd4 Bxg3+ 41.Kxg3 Kg7 42.Rd3 b5 43.Kf4 Kf6 0-1

[Event "2. Bundesliga Mitte 2010/11"]
[Site "Sauwald"]
[Date "2010.11.27"]
[Round "4"]
[Board "1"]
[White "Flumbort, Andras"]
[Black "Rogulj, Branko"]
[Result "1/2-1/2"]
[WhiteElo "2550"]
[BlackElo "2412"]
[PlyCount "61"]
[EventDate "2010.10.16"]
[EventType "team"]
[EventRounds "11"]
[EventCountry "AUT"]
[WhiteTeam "ASK St. Valentin"]
[BlackTeam "UNION Styria Graz Kleine Zeitung"]

1.Nf3 Nf6 2.c4 c5 3.Nc3 Nc6 4.d4 cxd4 5.Nxd4 Qb6 6.Nb3 e6 7.a3 Ne5 8.Be3 Qd8
9.c5 b6 10.Bf4 Ng6 11.Bd6 Bxd6 12.Qxd6 Ba6 13.e4 Bxf1 14.Rxf1 Qb8 15.O-O-O bxc5
16.Qxb8+ Rxb8 17.Nxc5 Ke7 18.Rd4 Rhc8 19.Nd3 d5 20.Kd2 dxe4 21.Nxe4 Nxe4+
22.Rxe4 Rd8 23.Ke2 Rb3 24.Rd1 a5 25.g3 Rd5 26.Rd2 Nf8 27.Rc4 Nd7 28.Rcc2 g5
29.Nc1 Re5+ 30.Kf1 Rb7 31.Nd3 1/2-1/2

[Event "2. Bundesliga Mitte 2010/11"]
[Site "Sauwald"]
[Date "2010.11.27"]
[Round "4"]
[Board "2"]
[White "Danner, Georg"]
[Black "Sandhoefner, Florian"]
[Result "1-0"]
[WhiteElo "2422"]
[BlackElo "2243"]
[PlyCount "49"]
[EventDate "2010.10.16"]
[EventType "team"]
[EventRounds "11"]
[EventCountry "AUT"]
[WhiteTeam "UNION Styria Graz Kleine Zeitung"]
[BlackTeam "ASK St. Valentin"]

1.d4 d5 2.Nf3 Nf6 3.c4 c6 4.e3 Bg4 5.h3 Bh5 6.Nc3 e6 7.g4 Bg6 8.Ne5 Nbd7 9.Nxg6
hxg6 10.Qf3 Bd6 11.Bd2 Qe7 12.O-O-O dxc4 13.Bxc4 e5 14.Bb3 Nb6 15.Kb1 a6 16.g5
Nh5 17.Ne4 O-O 18.Nxd6 Qxd6 19.Bc3 exd4 20.Rxd4 Qe7 21.Rhd1 c5 22.Rd6 c4 23.Bc2
Nc8 24.Rd7 Qxg5 25.Bb4 1-0

[Event "2. Bundesliga Mitte 2010/11"]
[Site "Sauwald"]
[Date "2010.11.27"]
[Round "4"]
[Board "3"]
[White "Kranzl, Peter"]
[Black "Stagl, Marco"]
[Result "1/2-1/2"]
[WhiteElo "2256"]
[BlackElo "2112"]
[PlyCount "111"]
[EventDate "2010.10.16"]
[EventType "team"]
[EventRounds "11"]
[EventCountry "AUT"]
[WhiteTeam "ASK St. Valentin"]
[BlackTeam "UNION Styria Graz Kleine Zeitung"]

1.e4 c6 2.d4 d5 3.exd5 cxd5 4.Bd3 Nc6 5.c3 Qc7 6.h3 Nf6 7.Ne2 e5 8.dxe5 Nxe5
9.Bb5+ Bd7 10.Bxd7+ Qxd7 11.Nd4 Bc5 12.O-O O-O 13.a4 Rad8 14.Bg5 Qd6 15.Na3 a6
16.Nac2 Nc6 17.Nf5 Qe5 18.Qf3 d4 19.cxd4 Bxd4 20.Rfe1 Qc5 21.Ncxd4 Nxd4 22.Nxd4
Qxg5 23.Nf5 Kh8 24.Re7 Rd7 25.Rxd7 Nxd7 26.Ne3 Nc5 27.b4 Qe5 28.Ra2 Ne4 29.Rc2
f5 30.a5 g6 31.Qd1 Kg7 32.Rc4 Rf7 33.Qd3 Qa1+ 34.Nf1 Qb2 35.f3 Nf6 36.Qd4 Qb1
37.Qc3 Qd1 38.Rd4 Qb1 39.Rd6 f4 40.Kf2 Qf5 41.Nd2 Rd7 42.Rxd7+ Qxd7 43.Ne4 Qe7
44.Qd4 h6 45.Nd6 Kh7 46.Qxf4 Nd5 47.Qf7+ Qxf7 48.Nxf7 Nxb4 49.Nd6 Nd3+ 50.Ke3
Nc5 51.Kf4 Kg7 52.Ke5 b5 53.Kd5 Nb3 54.Nxb5 Nxa5 55.Nc7 Nb3 56.Nxa6 1/2-1/2

[Event "2. Bundesliga Mitte 2010/11"]
[Site "Sauwald"]
[Date "2010.11.27"]
[Round "4"]
[Board "4"]
[White "Manhardt, Thomas"]
[Black "Trauner, Rudolf"]
[Result "1/2-1/2"]
[WhiteElo "2121"]
[BlackElo "2222"]
[PlyCount "65"]
[EventDate "2010.10.16"]
[EventType "team"]
[EventRounds "11"]
[EventCountry "AUT"]
[WhiteTeam "UNION Styria Graz Kleine Zeitung"]
[BlackTeam "ASK St. Valentin"]

1.e4 e5 2.Nf3 Nc6 3.Bb5 a6 4.Bxc6 dxc6 5.O-O Bd6 6.d4 exd4 7.Qxd4 f6 8.Re1 Be6
9.Qc3 Qd7 10.e5 Bxe5 11.Nxe5 fxe5 12.Qxe5 O-O-O 13.Nc3 Re8 14.Bf4 Nf6 15.Na4 Qf7
16.Qc5 Nd7 17.Qa7 Qxf4 18.Qa8+ Nb8 19.Nc5 Qb4 20.Nxe6 Re7 21.Re3 Rhe8 22.Rb3
Rxe6 23.Rf1 Qc4 24.Qxb7+ Kd7 25.Rd3+ Ke7 26.Qxc7+ Kf8 27.Rf3+ Rf6 28.Rxf6+ gxf6
29.Qxh7 Qxa2 30.Qh8+ Kf7 31.Qh7+ Kf8 32.Qh8+ Kf7 33.Qh7+ 1/2-1/2

[Event "2. Bundesliga Mitte 2010/11"]
[Site "Sauwald"]
[Date "2010.11.27"]
[Round "4"]
[Board "5"]
[White "Heimberger, Reinhard"]
[Black "Schriebl, Alexander"]
[Result "0-1"]
[WhiteElo "2302"]
[BlackElo "2072"]
[PlyCount "82"]
[EventDate "2010.10.16"]
[EventType "team"]
[EventRounds "11"]
[EventCountry "AUT"]
[WhiteTeam "ASK St. Valentin"]
[BlackTeam "UNION Styria Graz Kleine Zeitung"]

1.Nf3 Nf6 2.d4 d5 3.g3 c6 4.Bg2 Bf5 5.O-O h6 6.b3 e6 7.Bb2 Be7 8.c4 Nbd7 9.Nc3
O-O 10.e3 Ne4 11.Nd2 Nxc3 12.Bxc3 Nf6 13.f3 c5 14.Qe2 Qb6 15.Kh1 Rac8 16.dxc5
Qxc5 17.Bd4 Qa5 18.e4 dxe4 19.Nxe4 Nxe4 20.fxe4 Bg6 21.Rad1 Rcd8 22.Qb2 f6 23.e5
fxe5 24.Bc3 Rxd1 25.Bxa5 Rfxf1+ 26.Bxf1 Be4+ 27.Kg1 Bc5+ 28.Qf2 Bxf2+ 29.Kxf2
Bc6 30.Bc3 Rc1 31.Bxe5 Rc2+ 32.Ke3 Rxa2 33.Be2 Rc2 34.h4 Kf7 35.h5 Rc1 36.Bd3
Rh1 37.Bg6+ Kg8 38.Kd4 Bf3 39.b4 Bxh5 40.Bxh5 Rxh5 41.c5 a6 0-1

[Event "2. Bundesliga Mitte 2010/11"]
[Site "Sauwald"]
[Date "2010.11.27"]
[Round "4"]
[Board "6"]
[White "Penz, Florian"]
[Black "Petroczi, Thomas"]
[Result "0-1"]
[WhiteElo "1599"]
[BlackElo "2206"]
[PlyCount "118"]
[EventDate "2010.10.16"]
[EventType "team"]
[EventRounds "11"]
[EventCountry "AUT"]
[WhiteTeam "UNION Styria Graz Kleine Zeitung"]
[BlackTeam "ASK St. Valentin"]

1.d4 Nf6 2.c4 e6 3.Nc3 Bb4 4.Qc2 d5 5.cxd5 exd5 6.Bg5 O-O 7.e3 c6 8.Bd3 h6 9.Bh4
Be6 10.Nf3 Nbd7 11.O-O Bd6 12.Rfc1 Rc8 13.Bf5 Bxf5 14.Qxf5 Qe7 15.Rc2 Qe6
16.Qxe6 fxe6 17.Rac1 Rce8 18.Bg3 Bxg3 19.hxg3 e5 20.dxe5 Nxe5 21.Nxe5 Rxe5
22.Ne2 Ne4 23.Nf4 Rc8 24.Nd3 Re7 25.Nc5 Nd6 26.Nd3 Kf7 27.Nf4 Rce8 28.Rd1 Rf8
29.a4 Rfe8 30.b3 Ne4 31.Nd3 Ke6 32.Nc5+ Nxc5 33.Rxc5 Kd6 34.Rdc1 Rc7 35.b4 Re4
36.Rb1 Rxb4 37.Rxc6+ bxc6 38.Rxb4 c5 39.Rb1 Rc6 40.Kf1 Ra6 41.Rb7 Rxa4 42.Rxg7
c4 43.Ke2 Ra2+ 44.Kd1 Rxf2 45.Rxa7 Rxg2 46.Ra6+ Ke5 47.Rxh6 Ke4 48.Rh5 Rxg3
49.Kd2 Rg2+ 50.Kc3 Re2 51.Rh4+ Kxe3 52.Rh3+ Ke4 53.Rh4+ Ke5 54.Rh8 Re3+ 55.Kc2
Kd4 56.Rh4+ Re4 57.Rh3 Re2+ 58.Kd1 Rg2 59.Rh4+ Kc3 0-1

[Event "2. Bundesliga Mitte 2010/11"]
[Site "Sauwald"]
[Date "2010.11.27"]
[Round "4"]
[Board "1"]
[White "Renner, Christoph"]
[Black "Mohr, Georg"]
[Result "0-1"]
[WhiteElo "2420"]
[BlackElo "2511"]
[PlyCount "92"]
[EventDate "2010.10.16"]
[EventType "team"]
[EventRounds "11"]
[EventCountry "AUT"]
[WhiteTeam "SPG Sauwald 1"]
[BlackTeam "Strassenbahn Graz"]

1.e4 c5 2.d3 Nc6 3.g3 g6 4.Bg2 Bg7 5.Nc3 d6 6.Be3 e5 7.Nh3 Nge7 8.f4 h6 9.O-O
Nd4 10.Rf2 Be6 11.f5 gxf5 12.Qh5 Qd7 13.Raf1 O-O-O 14.Bxd4 exd4 15.Nd5 Bxd5
16.exd5 Rdf8 17.Nf4 Kb8 18.Bh3 Be5 19.Ng2 Qa4 20.b3 Qxa2 21.Bxf5 Qa5 22.Be6 f6
23.Nh4 f5 24.Re2 Bf6 25.Ng2 Qd8 26.Rfe1 Bg5 27.Nf4 Rh7 28.Kh1 a6 29.h4 Bxf4
30.gxf4 Rg7 31.Rg1 Rxg1+ 32.Kxg1 Rf6 33.Rg2 Qh8 34.Kf2 Ka7 35.Rg3 Qf8 36.Kg2 Qh8
37.Kh3 Qh7 38.Qe8 Ng6 39.Kh2 Nxf4 40.Rg8 Qc7 41.Rf8 Rxf8 42.Qxf8 Qa5 43.Qxf5
Qd2+ 44.Kg3 Qe3+ 45.Kg4 h5+ 46.Kg5 Nxe6+ 0-1

[Event "2. Bundesliga Mitte 2010/11"]
[Site "Sauwald"]
[Date "2010.11.27"]
[Round "4"]
[Board "2"]
[White "Supancic, Darko"]
[Black "Testor, Sebastian"]
[Result "1/2-1/2"]
[WhiteElo "2354"]
[BlackElo "2365"]
[PlyCount "119"]
[EventDate "2010.10.16"]
[EventType "team"]
[EventRounds "11"]
[EventCountry "AUT"]
[WhiteTeam "Strassenbahn Graz"]
[BlackTeam "SPG Sauwald 1"]

1.Nf3 e6 2.g3 b5 3.Bg2 Bb7 4.O-O c5 5.d3 Nf6 6.Nbd2 Be7 7.e4 d6 8.Qe2 Nc6 9.Re1
O-O 10.c3 Qb6 11.h3 Nd7 12.Kh2 Nde5 13.Nf1 Nxf3+ 14.Qxf3 Bf6 15.Ne3 Qa6 16.Qd1
b4 17.c4 Qb6 18.f4 Rad8 19.h4 Bd4 20.h5 h6 21.Qe2 Qc7 22.Rb1 Rfe8 23.Nc2 Bf6
24.b3 a5 25.Be3 a4 26.g4 axb3 27.axb3 Qe7 28.Rg1 Ra8 29.Ne1 e5 30.g5 hxg5 31.f5
Nd4 32.Qg4 Ra2 33.Nf3 Nxf3+ 34.Qxf3 Rea8 35.Kh1 Kh7 36.Bh3 Bc6 37.Bg4 Kh6 38.Qg3
Qd8 39.Rbf1 Rb2 40.Bd1 Ra1 41.Qg4 Raa2 42.Qg3 Be7 43.Bc1 Rb1 44.Qe3 f6 45.Rg3
Qc8 46.Kg1 Qa8 47.Rh3 Qc8 48.Rg3 Qd8 49.Rh3 Qa5 50.Rg3 Qa7 51.Kh1 Qd7 52.Kg1 Bd8
53.Rh3 Qa7 54.Rg3 Ra3 55.Rg2 Ra2 56.Bc2 Rba1 57.Kh1 Qf7 58.Rg3 Kh7 59.Rh3 Kh6
60.Rg3 1/2-1/2